000 00325nam a22001577a 4500
003 SGT
020 _a9789332558533
082 _bLEV
100 _aLEVINE IRA .N
245 _aQUANTUM CHEMISTRY
250 _a7TH
260 _bPEARSON INDIA
_c2018
300 _a706
650 _aPHYSICAL SCIENCE
942 _2ddc
_cBK
_02
999 _c15860
_d15860